عرض عادي
عرض مارك
- محمد، سمية سيد
مدخل إسم شخص
001 - رقم الضبط
- حقل الضبط: 63571
003 - معرف رقم الضبط
- حقل الضبط: OSt
005 - تاريخ ووقت أخر عملية
- حقل الضبط: 20180430135739.0
008 - عناصر بيانات ثابتة الطول
- حقل تحكم ثابت الطول: 180430|| aca||aabn | a|a d
040 ## - مصدر الفهرسة
- هيئة الفهرسة الأصلية: OSt
- وكالة الكتابة: OSt
100 ## - مدخل -- أسم شخص
- إسم شخص: محمد، سمية سيد
670 ## - بيانات المصدر موجوده
- الاستشهاد بالمصدر: Work cat.: (OSt): محمد، سمية سيد, مقومات الرقمنة في الدوريات الإلكترونية العربية في العلوم والتقنية /, 2017.
